000 01186cam a2200301 i 4500
001 17557277
005 20260109085724.0
007 ta
008 111129s2011 ii g b 000 0 eng d
010 _a 2012353659
020 _a9788189884697
020 _a8189884697
043 _aa-ii---
082 _a305.56 IRU
100 1 _aIrudayam, Aloysius,
245 1 0 _aDalit women speak out :
_bcaste, class, and gender violence in India /
_cAloysius Irudayam S.J., Jayshree P. Mangubhai, Joel G. Lee.
264 1 _aNew Delhi :
_bZubaan,
_c2011.
300 _axx, 445 p. ;
_c23 cm
500 _a"Condensed version of volume 1: Study report, which was published along with volume II. Case narratives (detailed) and volume III. Case narratives ... in November 2006"--Page xvii.
504 _aIncludes bibliographical references (p. [436]-442).
650 0 _aDalit women
_xViolence against
_zIndia.
650 0 _aDalit women
_xSocial conditions
_zIndia.
700 1 _aMangubhai, Jayshree P.,
_ejoint author.
700 1 _aLee, Joel G.,
_ejoint author.
906 _a7
_bcbc
_ccopycat
_d3
_encip
_f20
_gy-gencatlg
942 _2ddc
_cBK
999 _c31345
_d31345